[Event "GER OL-241 email"]
[Site "GER email"]
[Date "2008.??.??"]
[Round "?"]
[White "Gottsmann, Lothar"]
[Black "Diekmann, Daniel"]
[Result "0-1"]
[WhiteElo "1640"]
[BlackElo "1640"]
[PlyCount "99"]
[EventDate "2008.??.??"]
[EventType "tourn (corr)"]
[EventRounds "6"]
[EventCountry "GER"]
[SourceTitle "Corr 2011"]
[Source "ChessBase"]
[SourceDate "2010.08.31"]
[SourceVersion "1"]
[SourceVersionDate "2010.08.31"]
[SourceQuality "1"]

1. d4 d5 2. c4 e6 3. Nc3 Nf6 4. e3 c6 5. Bd3 Nbd7 6. Nge2 dxc4 7. Bxc4 b5 8. Bd3 a6 9. 0-0 Bb7 10. h3 c5 11. f3 Be7 12. Qe1 0-0 13. Bd2 Qb6 14. Kh1 cxd4 15. Nxd4 Ne5 16. Bc2 Nc4 17. Bc1 Bc5 18. Qh4 Rfd8 19. Rd1 Ne5 20. a4 b4 21. Nce2 Rac8 22. a5 Qa7 23. Qg3 Bd6 24. Qf2 Qc5 25. Bb3 Nc6 26. Nxc6 Bxc6 27. Nd4 Bb7 28. Bd2 Qe5 29. Kg1 Qh2+ 30. Kf1 Kh8 31. Rac1 Rxc1 32. Rxc1 Qe5 33. Ba4 Qxa5 34. Nc6 Bxc6 35. Bxc6 Qe5 36. Be1 Rc8 37. f4 Qa5 38. Qc2 Nd5 39. Bxd5 Rxc2 40. Rxc2 g5 41. Bf3 gxf4 42. exf4 Bxf4 43. Rc8+ Kg7 44. Rc4 Bd6 45. Rg4+ Kf8 46. Re4 Qb5+ 47. Be2 Qg5 48. Bf3 Qc1 49. b3 Ke7 50. Re2 0-1